Možnosti škôl pri utváraní základov prevencie kriminality (2). účinné formy opatrení a postavenie pedagóga

Pokračovanie článku z predchádzajúceho čísla o preblematike kriminality školopovinnej mládeže. Negatívne činy na školách a reakcie pedagógov. Kvalita života, osobná a kolektívna bezpečnosť. Prevencia, výchova a vytváranie optimálnych podmienok v školskom prostredí.

Na minha lista:
Detalhes bibliográficos
Autor principal: Danek, Ján
Outros Autores: Sirotová, Mariana
Formato: Capítulo de Livro
Idioma:eslovaco
Assuntos:
Tags: Adicionar Tag
Sem tags, seja o primeiro a adicionar uma tag!

MARC

LEADER 00000naa a2200000 4500
001 0117326
005 20231127102143.5
041 0 |a slo 
044 |a SK 
245 1 0 |a Možnosti škôl pri utváraní základov prevencie kriminality (2).  |b účinné formy opatrení a postavenie pedagóga  |c Ján Danek, Mariana Sirotová 
520 |a Pokračovanie článku z predchádzajúceho čísla o preblematike kriminality školopovinnej mládeže. Negatívne činy na školách a reakcie pedagógov. Kvalita života, osobná a kolektívna bezpečnosť. Prevencia, výchova a vytváranie optimálnych podmienok v školskom prostredí. 
610 2 0 |a školy 
610 2 0 |a školy stredné 
610 2 0 |a pedagogika 
610 2 0 |a študenti 
610 2 0 |a mladiství 
610 2 0 |a činy trestné 
610 2 0 |a mládež 
610 2 0 |a kriminalita 
610 2 0 |a prevencia 
610 2 0 |a výchova 
100 1 |a Danek, Ján 
700 1 |a Sirotová, Mariana